01777nam a2200277 a 450000100100000000500170001000800410002704000250006808200200009310000630011324501130017626000480028930000210033749000430035859000250040165000490042665100700047583000520054591000370059795201320063495201320076695201980089895201980109695201880129499900170148200002762320240305073654.0110401s1975 dr 000 0 spa d aDO-SdBNPbspacBNPHU a068.7293bR696s1 aRodríguez Demorizi, Emilio,d1908-1986b1904-1986.9103910aSociedades, cofradías, escuelas, gremios y otras corporaciones dominicanas /cEmilio Rodríguez Demorizi. aSanto DomingoaEducativa Dominicana,c1975. a267 p. ;c22 cm.1 aAcademia Dominicana de la Historiav35 aInventariado,2018/DG 4aCorporacioneszRepública Dominicana954712 4aRepública DominicanaxAcademias, Sociedades Doctas, Etc.954713 0aAcademia Dominicana de la Historia ;n35954714 aValidado. Control de calidad EMS 001054708DSaGRbGRcHDd2011-06-08iLF1l0o068.7293 R696sp27623-30r2020-06-25te.3w2020-06-25yLFDSZPréstamo en sala 001054708DSaGRbGRcHDd2014-02-13iLF1l0o068.7293 R696sp27623-40r2020-06-25te.4w2020-06-25yLFDSZPréstamo en sala 001054708DSaGRbGRcHDd2019-06-21iLF1l0o068.7293 R696sp27623-50r2020-06-25te.5w2020-06-25yLFDSzPerteneció a la biblioteca personal de la familia Reyes Duluc.ZPréstamo en sala 001054708PDaPDbPDcHDd2011-04-01iLF1l0o068.7293 R696sp27623-10r2020-06-25w2020-06-25yLFPDzPerteneció a la biblioteca personal de Aída Cartagena Portalatin.ZPréstamo en sala 0010718PDaPDbPDcHDd2011-06-08iLF1l0o068.7293 R696sp27623-20r2020-06-25te.2w2020-06-25yLFPDzPerteneció a la biblioteca personal de Germán Emilio Ornes.ZNo se presta c27115d27115